[Event "AUT-ch"]
[White "Ilijic, Mihajilo"]
[Black "Stadlinger, Lea"]
[Site "Linz"]
[Round "9"]
[Result "1-0"]
[Date "2024.08.04"]
[WhiteElo "2103"]
[BlackElo "1912"]
[PlyCount "76"]
[EventDate "2024.07.27"]
[EventType "swiss"]
[EventRounds "9"]
[EventCountry "AUT"]
[SourceTitle "CBM 221 Extra"]
[Source "ChessBase"]
[SourceDate "2024.09.30"]
[SourceVersion "1"]
[SourceVersionDate "2024.09.30"]
[SourceQuality "1"]

1. e4 c6 2. d4 d5 3. exd5 cxd5 4. c4 Nf6 5. Nc3 Nc6 6. Bg5 Be6 7. Be2 Qa5 8. Qd2 Rd8 9. Nf3 g6 10. Bxf6 exf6 11. c5 Bg7 12. 0-0 0-0 13. a3 a6 14. b4 Qc7 15. b5 axb5 16. Nxb5 Qd7 17. Rfb1 Rb8 18. Nc3 Bg4 19. h3 Bxf3 20. Bxf3 f5 21. Ne2 Ra8 22. a4 Ra5 23. Rb5 Rfa8 24. Rab1 R8a7 25. Qd1 h6 26. Rxa5 Rxa5 27. Rb5 Ra7 28. g3 Kh7 29. Kg2 Kg8 30. Qb3 Nxd4 31. Nxd4 Bxd4 32. Bxd5 Kg7 33. Bf3 Qe7 34. Qc4 Be5 35. Qb4 Qc7 36. Bxb7 f4 37. g4 Qd7 38. Bf3 Qd3 1-0

[Event "AUT-ch"]
[White "Stadlinger, Lea"]
[Black "Hersel, Richard"]
[Site "Linz"]
[Round "8"]
[Result "0-1"]
[Date "2024.08.03"]
[WhiteElo "1912"]
[BlackElo "2080"]
[PlyCount "74"]
[EventDate "2024.07.27"]
[EventType "swiss"]
[EventRounds "9"]
[EventCountry "AUT"]
[SourceTitle "CBM 221 Extra"]
[Source "ChessBase"]
[SourceDate "2024.09.30"]
[SourceVersion "1"]
[SourceVersionDate "2024.09.30"]
[SourceQuality "1"]

1. d4 Nf6 2. Bf4 b6 3. e3 Bb7 4. c4 g6 5. Nc3 Bg7 6. h3 0-0 7. Nf3 d6 8. Bd3 Nfd7 9. e4 e5 10. Be3 exd4 11. Nxd4 Nc6 12. Bc2 Nde5 13. Nxc6 Bxc6 14. Qe2 f5 15. f4 Qh4+ 16. Kd2 Nd7 17. exf5 gxf5 18. Rae1 a5 19. Rhg1 a4 20. g4 a3 21. b3 Qf6 22. Nd1 Be4 23. gxf5 Bxc2 24. Kxc2 Qa1 25. Qd3 Qxa2+ 26. Kc1 Qa1+ 27. Kd2 Kh8 28. Rxg7 Qxg7 29. Rg1 Qe7 30. Bd4+ Nf6 31. Qc3 c5 32. Bf2 a2 33. Ne3 a1Q 34. Rxa1 Rxa1 35. Qxa1 Qg7 36. Qa6 Ne4+ 37. Ke2 Qb2+ 0-1

[Event "AUT-ch"]
[White "Stadlinger, Lea"]
[Black "Hapala, Elisabeth"]
[Site "Linz"]
[Round "5"]
[Result "1/2-1/2"]
[Date "2024.07.31"]
[WhiteElo "1912"]
[BlackElo "2152"]
[PlyCount "65"]
[EventDate "2024.07.27"]
[EventType "swiss"]
[EventRounds "9"]
[EventCountry "AUT"]
[SourceTitle "CBM 221 Extra"]
[Source "ChessBase"]
[SourceDate "2024.09.30"]
[SourceVersion "1"]
[SourceVersionDate "2024.09.30"]
[SourceQuality "1"]

1. d4 d5 2. Bf4 c5 3. dxc5 e6 4. e3 Bxc5 5. Nd2 Nf6 6. h3 Nc6 7. Ngf3 0-0 8. a3 Re8 9. b4 Bb6 10. Bb5 Bd7 11. Bg3 a5 12. c3 axb4 13. cxb4 Ne4 14. Bxc6 Bxc6 15. 0-0 Ba4 16. Qb1 Nc3 17. Qb2 Rc8 18. Nb3 Bb5 19. Rfe1 f6 20. Nfd4 Ba4 21. Rec1 Ne4 22. Rxc8 Qxc8 23. Rc1 Qd7 24. f3 Nd6 25. Bxd6 Qxd6 26. Nc5 Bxc5 27. Rxc5 e5 28. Nb5 Bxb5 29. Rxb5 Qd7 30. Rc5 b6 31. Rc2 Kh8 32. Qc3 Kg8 33. Qc6 1/2-1/2

[Event "AUT-ch"]
[White "Buchegger, Fridolin"]
[Black "Stadlinger, Lea"]
[Site "Linz"]
[Round "4"]
[Result "0-1"]
[Date "2024.07.30"]
[WhiteElo "2072"]
[BlackElo "1912"]
[PlyCount "118"]
[EventDate "2024.07.27"]
[EventType "swiss"]
[EventRounds "9"]
[EventCountry "AUT"]
[SourceTitle "CBM 221 Extra"]
[Source "ChessBase"]
[SourceDate "2024.09.30"]
[SourceVersion "1"]
[SourceVersionDate "2024.09.30"]
[SourceQuality "1"]

1. d4 d5 2. c4 e6 3. Nf3 Nf6 4. Nc3 a6 5. c5 b6 6. cxb6 cxb6 7. Bf4 Bd6 8. Bxd6 Qxd6 9. e3 0-0 10. Bd3 Nc6 11. 0-0 Re8 12. Qb3 b5 13. Rfd1 Bb7 14. Rac1 Rac8 15. Rd2 e5 16. dxe5 Nxe5 17. Qd1 b4 18. Ne2 Nxf3+ 19. gxf3 Qb6 20. Nd4 Nd7 21. Rdc2 Ne5 22. f4 Nc6 23. Qg4 g6 24. f5 Nxd4 25. Rxc8 Rxc8 26. Rxc8+ Bxc8 27. Qxd4 Qxd4 28. exd4 gxf5 29. Kg2 Kg7 30. Kf3 Kf6 31. Kf4 h6 32. h3 a5 33. Bb5 Ke6 34. Bd3 Kf6 35. Bb5 Ke6 36. Ba4 Ba6 37. Bc2 Bc4 38. Bxf5+ Kf6 39. Bb1 Bf1 40. h4 Bc4 41. a3 Bb3 42. Bd3 Bc4 43. Bc2 Ke6 44. Ba4 Kf6 45. Bd7 Bb3 46. Bf5 Bc4 47. Bc2 Ke6 48. Bb1 Kf6 49. Bf5 Bb3 50. Bg4 Bc4 51. Bd1 Ke6 52. Kg4 Kf6 53. Kh5 Kg7 54. axb4 axb4 55. Bg4 Bd3 56. Bf3 f5 57. Bxd5 Bb5 58. Bf7 Be2+ 59. f3 Bxf3# 0-1

[Event "AUT-ch"]
[White "Stadlinger, Lea"]
[Black "Schloffer, Jasmin Denise"]
[Site "Linz"]
[Round "3"]
[Result "0-1"]
[Date "2024.07.29"]
[WhiteElo "1912"]
[BlackElo "2156"]
[PlyCount "68"]
[EventDate "2024.07.27"]
[EventType "swiss"]
[EventRounds "9"]
[EventCountry "AUT"]
[SourceTitle "CBM 221 Extra"]
[Source "ChessBase"]
[SourceDate "2024.09.30"]
[SourceVersion "1"]
[SourceVersionDate "2024.09.30"]
[SourceQuality "1"]

1. d4 Nf6 2. Bf4 d5 3. e3 c5 4. dxc5 Nc6 5. Bb5 e6 6. b4 a5 7. c3 Bd7 8. Qb3 Nh5 9. Ne2 g5 10. Bd6 Bxd6 11. cxd6 0-0 12. a4 Ng7 13. Nd2 f5 14. Bd3 Ne8 15. b5 Ne5 16. c4 Nxd6 17. cxd5 Nxd3+ 18. Qxd3 e5 19. 0-0 f4 20. e4 g4 21. f3 h5 22. Rac1 Rf7 23. Nc3 Qh4 24. Qe2 Rg7 25. Ncb1 Kh8 26. Nc4 Nxc4 27. Rxc4 g3 28. h3 Bxh3 29. gxh3 g2 30. Rf2 Qxh3 31. Rxg2 Rag8 32. Rc2 Rg6 33. Qf2 Rxg2+ 34. Qxg2 Qxf3 0-1

[Event "AUT-ch"]
[White "Gruenwald, Simon"]
[Black "Stadlinger, Lea"]
[Site "Linz"]
[Round "1"]
[Result "1-0"]
[Date "2024.07.27"]
[WhiteElo "2119"]
[BlackElo "1912"]
[PlyCount "75"]
[EventDate "2024.07.27"]
[EventType "swiss"]
[EventRounds "9"]
[EventCountry "AUT"]
[SourceTitle "CBM 221 Extra"]
[Source "ChessBase"]
[SourceDate "2024.09.30"]
[SourceVersion "1"]
[SourceVersionDate "2024.09.30"]
[SourceQuality "1"]

1. e4 c6 2. d4 d5 3. Nc3 dxe4 4. Nxe4 Bf5 5. Ng3 Bg6 6. h4 h6 7. Nf3 e6 8. h5 Bh7 9. Bd3 Bxd3 10. Qxd3 Nf6 11. Bd2 Be7 12. 0-0-0 0-0 13. Ne4 Nbd7 14. Kb1 c5 15. dxc5 Nxc5 16. Nxc5 Bxc5 17. Qc4 Qe7 18. g4 b5 19. Qxb5 Nxg4 20. Rhg1 f5 21. Bc3 Rab8 22. Qd7 Rfd8 23. Qxe7 Bxe7 24. Ne5 Rxd1+ 25. Rxd1 Nxf2 26. Rd7 Rd8 27. Rxd8+ Bxd8 28. Bd4 Bb6 29. Bxb6 axb6 30. a4 Ng4 31. Nc4 e5 32. Nxb6 e4 33. a5 e3 34. Kc1 f4 35. Kd1 f3 36. Nc4 Nf2+ 37. Ke1 Ng4 38. a6 1-0

[Event "St Veit op 43rd"]
[White "Stadlinger, Lea"]
[Black "Martinovic, David"]
[Site "St Veit"]
[Round "7"]
[Result "1/2-1/2"]
[Date "2024.07.11"]
[WhiteElo "1912"]
[BlackElo "1975"]
[PlyCount "87"]
[EventDate "2024.07.06"]
[EventType "swiss"]
[EventRounds "9"]
[EventCountry "AUT"]
[SourceTitle "CBM 221 Extra"]
[Source "ChessBase"]
[SourceDate "2024.09.30"]
[SourceVersion "1"]
[SourceVersionDate "2024.09.30"]
[SourceQuality "1"]

1. d4 d5 2. Bf4 Nf6 3. e3 c5 4. dxc5 Nc6 5. Bb5 e6 6. b4 Bd7 7. c3 Be7 8. Nd2 a6 9. Bxc6 Bxc6 10. Ne2 0-0 11. Nd4 Rc8 12. 0-0 b6 13. cxb6 Qxb6 14. Qb3 Bb5 15. Nxb5 axb5 16. Rfc1 Rc6 17. h3 Rfc8 18. a4 bxa4 19. Rxa4 Qb5 20. Ra2 h6 21. Rac2 Nd7 22. Nf3 Bf6 23. Nd2 Nb6 24. e4 Qd3 25. e5 Be7 26. Be3 Qb5 27. Nf3 Qc4 28. Qb1 Na4 29. Nd2 Qb5 30. Qb3 Nb6 31. Nf3 Rc4 32. Nd2 R4c7 33. Nf3 Nc4 34. Bd4 Na5 35. Qa2 Nc4 36. Nd2 Nxd2 37. Rxd2 Rc4 38. Ra1 Bg5 39. Rdd1 R4c7 40. Qa6 Qb8 41. Ra2 Rc6 42. Qe2 Rc4 43. Rb1 Bd8 44. Qe3 1/2-1/2

[Event "AUT-ch Rapid"]
[White "Stadlinger, Lea"]
[Black "Kummer, Helmut"]
[Site "Innsbruck"]
[Round "6"]
[Result "1/2-1/2"]
[Date "2024.05.31"]
[WhiteElo "1774"]
[BlackElo "2145"]
[PlyCount "101"]
[EventDate "2024.05.30"]
[EventType "swiss (rapid)"]
[EventRounds "9"]
[EventCountry "AUT"]
[SourceTitle "CBM 220 Extra"]
[Source "ChessBase"]
[SourceDate "2024.07.31"]
[SourceVersion "1"]
[SourceVersionDate "2024.07.31"]
[SourceQuality "1"]

1. d4 Nf6 2. Bf4 d6 3. Nc3 g6 4. e4 Bg7 5. Qd2 Nc6 6. 0-0-0 a6 7. f3 Nh5 8. Be3 e5 9. Nge2 0-0 10. g4 exd4 11. Nxd4 Nxd4 12. Bxd4 Bxd4 13. Qxd4 Qg5+ 14. Kb1 Nf4 15. h4 Qe5 16. Qf2 Be6 17. Ne2 Nxe2 18. Bxe2 f6 19. g5 fxg5 20. hxg5 Rf7 21. Qh4 Re8 22. Rdf1 Qf4 23. Qh6 b5 24. Rh4 Qe5 25. Bd3 Qg7 26. f4 Qxh6 27. Rxh6 Ref8 28. Rh4 Bc4 29. Kc1 Bxd3 30. cxd3 c5 31. Kd2 Rc8 32. Rh3 c4 33. dxc4 Rxc4 34. Ke3 Re7 35. f5 Rexe4+ 36. Kd3 gxf5 37. Rxf5 Red4+ 38. Ke3 Re4+ 39. Kd3 Rf4 40. Rd5 Rc6 41. Rh6 Rf2 42. Ke4 Rxb2 43. a4 Rb4+ 44. Kf5 Rc5 45. Rhxd6 Rxd5+ 46. Rxd5 Rxa4 47. Rd8+ Kf7 48. Rd7+ Kg8 49. Rd8+ Kf7 50. Rd7+ Kg8 51. Rd8+ 1/2-1/2

[Event "Sitges Sunway op 10th"]
[White "Stadlinger, Lea"]
[Black "Tiwari, Aswani"]
[Site "Sitges"]
[Round "4"]
[Result "0-1"]
[Date "2023.12.15"]
[WhiteElo "1851"]
[BlackElo "2070"]
[PlyCount "64"]
[EventDate "2023.12.12"]
[EventType "swiss"]
[EventRounds "10"]
[EventCountry "ESP"]
[SourceTitle "EXT 2025"]
[Source "ChessBase"]
[SourceDate "2024.10.14"]
[SourceVersion "1"]
[SourceVersionDate "2024.10.14"]
[SourceQuality "1"]

1. e4 c5 2. c3 g6 3. d4 cxd4 4. cxd4 d5 5. e5 Bg7 6. Nc3 Nc6 7. Bb5 Nh6 8. h3 0-0 9. Nf3 f6 10. 0-0 Nf7 11. Re1 fxe5 12. Bxc6 bxc6 13. dxe5 d4 14. Na4 Qd5 15. Bf4 g5 16. Nxg5 Nxg5 17. Bxg5 Bxe5 18. Rc1 Bxh3 19. Qb3 Rf5 20. Qxd5+ cxd5 21. f4 Bxf4 22. Bxf4 Rxf4 23. gxh3 d3 24. Rxe7 Rxa4 25. Rcc7 Rh4 26. Rg7+ Kh8 27. Rg3 Rg8 28. Rxg8+ Kxg8 29. Rc1 Rxh3 30. Rd1 Kf7 31. b4 Ke6 32. a4 d4 0-1

[Event "St Veit op 41st"]
[White "Stadlinger, Lea"]
[Black "Moewisch, Dave"]
[Site "St Veit"]
[Round "9"]
[Result "1/2-1/2"]
[Date "2022.07.16"]
[WhiteElo "1723"]
[BlackElo "1941"]
[PlyCount "95"]
[EventDate "2022.07.09"]
[EventType "swiss"]
[EventRounds "9"]
[EventCountry "AUT"]
[SourceTitle "CBM 209 Extra"]
[Source "ChessBase"]
[SourceDate "2022.09.30"]
[SourceVersion "1"]
[SourceVersionDate "2022.09.30"]
[SourceQuality "1"]

1. d4 Nf6 2. Nc3 d5 3. Bf4 c5 4. e3 a6 5. Nf3 Bg4 6. h3 Bh5 7. Be2 e6 8. 0-0 Bxf3 9. Bxf3 cxd4 10. exd4 Bd6 11. Ne2 Nc6 12. Qd2 0-0 13. Rac1 b5 14. Bxd6 Qxd6 15. b3 Rac8 16. Rfd1 Rc7 17. c4 bxc4 18. bxc4 dxc4 19. Rxc4 Rfc8 20. Bxc6 Rxc6 21. Rxc6 Rxc6 22. Rc1 h6 23. Rxc6 Qxc6 24. Qc3 Qb5 25. Qc8+ Kh7 26. Qc2+ g6 27. Kh2 Nd5 28. a3 h5 29. g3 Qa5 30. Qd3 Qe1 31. Kg2 a5 32. Qf3 Kg7 33. Nf4 Qc3 34. Nxd5 Qxf3+ 35. Kxf3 exd5 36. h4 f6 37. Ke3 Kf7 38. f4 Ke6 39. Kf3 Kf5 40. a4 g5 41. fxg5 fxg5 42. hxg5 Kxg5 43. Kf2 Kf6 44. Ke3 Kg5 45. Kf2 Kg4 46. Kg2 Kf5 47. Kf3 Kg5 48. Kf2 1/2-1/2

[Event "AUT-chT2 (Women) 2122"]
[White "Worek, Joanna"]
[Black "Stadlinger, Lea"]
[Site "Austria"]
[Round "4.1"]
[Result "1-0"]
[Date "2022.03.13"]
[WhiteElo "2313"]
[BlackElo "1753"]
[PlyCount "55"]
[EventDate "2021.10.17"]
[EventType "team-tourn"]
[EventRounds "7"]
[EventCountry "AUT"]
[SourceTitle "EXT 2024"]
[Source "ChessBase"]
[SourceDate "2023.10.10"]
[SourceVersion "1"]
[SourceVersionDate "2023.10.10"]
[SourceQuality "1"]
[WhiteTeam "Pamhagen (W) III"]
[BlackTeam "Wien KJSV (W)"]
[WhiteTeamCountry "AUT"]
[BlackTeamCountry "AUT"]

1. e4 e5 2. Nf3 Nc6 3. Bb5 a6 4. Ba4 Nf6 5. d3 b5 6. Bb3 Be7 7. 0-0 0-0 8. Re1 d6 9. c3 Na5 10. Bc2 c5 11. Nbd2 Nc6 12. Nf1 Qc7 13. h3 d5 14. Bg5 Be6 15. exd5 Nxd5 16. Bxe7 Ndxe7 17. Qe2 Ng6 18. Ng3 f6 19. d4 Bc4 20. Qe3 cxd4 21. cxd4 exd4 22. Nxd4 Nge5 23. Rac1 Qf7 24. Nxc6 Nxc6 25. Qe4 g6 26. Qxc6 Bxa2 27. Be4 Bc4 28. Rxc4 1-0

[Event "AUT-ch U18 Girls"]
[White "Jeitler, Selina"]
[Black "Stadlinger, Lea"]
[Site "St Veit"]
[Round "5.2"]
[Result "1-0"]
[Date "2021.10.27"]
[WhiteElo "1247"]
[BlackElo "1753"]
[PlyCount "57"]
[EventDate "2021.10.25"]
[EventType "swiss"]
[EventRounds "7"]
[EventCountry "AUT"]
[SourceTitle "EXT 2023"]
[Source "ChessBase"]
[SourceDate "2022.10.05"]
[SourceVersion "1"]
[SourceVersionDate "2022.10.05"]
[SourceQuality "1"]

1. e4 e5 2. Nf3 Nc6 3. d4 exd4 4. Bc4 Nf6 5. 0-0 Nxe4 6. Re1 d5 7. Bxd5 Qxd5 8. Nc3 Qa5 9. Nxe4 Be6 10. Bf4 h6 11. Nxd4 0-0-0 12. Nxc6 bxc6 13. Qe2 g5 14. Bd2 Bb4 15. Bxb4 Qxb4 16. Qa6+ Qb7 17. Qxb7+ Kxb7 18. Nc5+ Kb6 19. Nxe6 fxe6 20. Rxe6 Rd2 21. Rc1 Rhd8 22. Ree1 Rf8 23. f3 h5 24. Rf1 Rfd8 25. f4 g4 26. Rf2 R2d4 27. g3 c5 28. Kg2 c4 29. h3 1-0

[Event "EU-ch Hybrid U18 Girls"]
[White "Walterova, Ema"]
[Black "Stadlinger, Lea"]
[Site "Tornelo INT"]
[Round "2"]
[Result "1-0"]
[Date "2021.10.15"]
[WhiteElo "1911"]
[BlackElo "1753"]
[PlyCount "53"]
[EventDate "2021.10.15"]
[EventType "swiss"]
[EventRounds "9"]
[EventCountry "NET"]
[SourceTitle "EXT 2023"]
[Source "ChessBase"]
[SourceDate "2022.10.05"]
[SourceVersion "1"]
[SourceVersionDate "2022.10.05"]
[SourceQuality "1"]
[WhiteTeam "Slovakia"]
[BlackTeam "Austria"]
[WhiteTeamCountry "SVK"]
[BlackTeamCountry "AUT"]

1. e4 e5 2. Nf3 Nc6 3. d4 exd4 4. Nxd4 Nf6 5. Nxc6 bxc6 6. Bd3 d5 7. exd5 cxd5 8. 0-0 Be7 9. Re1 0-0 10. h3 Re8 11. Nd2 c6 12. Nf3 Ne4 13. Bf4 Bd6 14. Bxd6 Nxd6 15. Ne5 Qc7 16. Qh5 g6 17. Qg5 Bf5 18. Bxf5 Nxf5 19. Ng4 Rxe1+ 20. Rxe1 Kg7 21. Qf6+ Kg8 22. Re5 h5 23. Rxf5 hxg4 24. Re5 Rf8 25. hxg4 Qb6 26. Re3 Qb4 27. Rh3 1-0